[Event "UZB-ch 1st league"]
[Site "Tashkent"]
[Date "2013.03.15"]
[Round "5"]
[White "Galyamov, Vildan"]
[Black "Rahman, Adel"]
[Result "1/2-1/2"]
[WhiteElo "2172"]
[BlackElo "2112"]
[PlyCount "54"]
[EventDate "2013.03.11"]
[EventType "tourn"]
[EventRounds "13"]
[EventCountry "UZB"]
[SourceTitle "EXT 2014"]
[Source "ChessBase"]
[SourceDate "2013.11.20"]
[SourceVersion "1"]
[SourceVersionDate "2013.11.20"]
[SourceQuality "1"]

1. e4 c5 2. Nf3 Nc6 3. Nc3 e5 4. Bc4 Be7 5. d3 d6 6. Nd2 Bg5 7. h4 Bh6 8. Nf1 Bxc1 9. Qxc1 Nge7 10. Qg5 0-0 11. Ne3 a6 12. a4 Be6 13. 0-0 Ng6 14. Qxd8 Raxd8 15. g3 Nb4 16. Rfd1 Ne7 17. f4 exf4 18. gxf4 d5 19. exd5 Nexd5 20. Nexd5 Nxd5 21. Nxd5 Bxd5 22. Re1 f6 23. Bxd5+ Rxd5 24. Re7 Rf7 25. Re8+ Rf8 26. Re7 Rf7 27. Re8+ Rf8 1/2-1/2

[Event "UZB-ch"]
[Site "Tashkent"]
[Date "2012.05.27"]
[Round "11"]
[White "Khamrakulov, Djurabek"]
[Black "Galyamov, Vildan"]
[Result "1/2-1/2"]
[WhiteElo "2457"]
[BlackElo "2237"]
[PlyCount "106"]
[EventDate "2012.05.17"]
[EventType "tourn"]
[EventRounds "11"]
[EventCountry "UZB"]
[EventCategory "5"]
[SourceTitle "CBM 148 Extra"]
[Source "ChessBase"]
[SourceDate "2012.06.22"]
[SourceVersion "1"]
[SourceVersionDate "2012.06.22"]
[SourceQuality "1"]

1. e4 e6 2. d4 d5 3. Nd2 dxe4 4. Nxe4 Nd7 5. Nf3 Ngf6 6. Bd3 Nxe4 7. Bxe4 Nf6 8. Bg5 Be7 9. Bd3 c5 10. 0-0 cxd4 11. Nxd4 0-0 12. c3 Qd5 13. Bh4 b6 14. Qf3 Qxf3 15. Nxf3 Bb7 16. Nd4 Rfd8 17. Rfd1 h6 18. f3 Nd5 19. Bxe7 Nxe7 20. a4 a5 21. Kf2 Kf8 22. Be4 Bxe4 23. fxe4 Rac8 24. Nb5 Nc6 25. Nd6 Rb8 26. Nc4 Ke7 27. Ke2 Rxd1 28. Rxd1 b5 29. axb5 Rxb5 30. Kd3 f5 31. Rf1 g5 32. g3 Ne5+ 33. Nxe5 Rxe5 34. exf5 exf5 35. b4 h5 36. Rb1 axb4 37. cxb4 Kd6 38. Ra1 h4 39. Ra6+ Ke7 40. gxh4 gxh4 41. Rh6 Re4 42. b5 Rb4 43. b6 Kf7 44. Kc3 Rb1 45. Kd4 Kg7 46. Re6 f4 47. Ke4 Rb2 48. Re7+ Kg6 49. Rb7 Rxh2 50. Kxf4 Rb2 51. Kg4 Rb4+ 52. Kh3 Kh6 53. Rb8 Kh7 1/2-1/2

[Event "UZB-ch"]
[Site "Tashkent"]
[Date "2012.05.25"]
[Round "9"]
[White "Alikulov, Elbek"]
[Black "Galyamov, Vildan"]
[Result "1/2-1/2"]
[WhiteElo "2249"]
[BlackElo "2237"]
[PlyCount "97"]
[EventDate "2012.05.17"]
[EventType "tourn"]
[EventRounds "11"]
[EventCountry "UZB"]
[EventCategory "5"]
[SourceTitle "CBM 148 Extra"]
[Source "ChessBase"]
[SourceDate "2012.06.22"]
[SourceVersion "1"]
[SourceVersionDate "2012.06.22"]
[SourceQuality "1"]

1. e4 e6 2. d4 d5 3. Nc3 dxe4 4. Nxe4 Nd7 5. Nf3 Ngf6 6. Bd3 Nxe4 7. Bxe4 Nf6 8. Bg5 Be7 9. Bxf6 Bxf6 10. Qd3 Qd6 11. 0-0-0 h6 12. Kb1 0-0 13. g4 Qf4 14. Rhg1 e5 15. dxe5 Bxe5 16. g5 h5 17. Qd5 Bd6 18. g6 Bg4 19. h3 Rae8 20. gxf7+ Rxf7 21. hxg4 Rxe4 22. Ng5 Re5 23. Qxf7+ Qxf7 24. Nxf7 Kxf7 25. f4 Ra5 26. gxh5 Rxh5 27. Rg4 Rf5 28. Rdg1 Rxf4 29. Rxg7+ Ke6 30. c3 Kd5 31. R7g5+ Kc6 32. R1g4 Rf1+ 33. Kc2 b6 34. b4 a6 35. a4 Ra1 36. Kb3 Re1 37. Rg7 Re3 38. R4g6 Rd3 39. Re6 Kb7 40. Re8 Rf3 41. Rd7 Rf8 42. Rxf8 Bxf8 43. Kc2 Bd6 44. Kd3 Kc6 45. Rh7 Kb7 46. Kd4 Kc6 47. Rh6 Kb7 48. Kd5 Bg3 49. c4 1/2-1/2

[Event "UZB-ch 1st League"]
[Site "Tashkent"]
[Date "2012.04.19"]
[Round "8"]
[White "Galyamov, Vildan"]
[Black "Rustamov, Alisher"]
[Result "0-1"]
[WhiteElo "2198"]
[BlackElo "2205"]
[PlyCount "82"]
[EventDate "2012.04.12"]
[EventType "tourn"]
[EventRounds "9"]
[EventCountry "UZB"]
[SourceTitle "EXT 2013"]
[Source "ChessBase"]
[SourceDate "2012.11.22"]
[SourceVersion "1"]
[SourceVersionDate "2012.11.22"]
[SourceQuality "1"]

1. e4 d6 2. d4 Nf6 3. Nc3 g6 4. g3 Bg7 5. Bg2 0-0 6. Nge2 Nbd7 7. 0-0 c6 8. a4 e5 9. h3 Qe7 10. Be3 Re8 11. Qd2 exd4 12. Nxd4 Ne5 13. Qe2 c5 14. Ndb5 a6 15. Na3 Be6 16. Rad1 Rab8 17. Rfe1 h6 18. f4 Nc6 19. Qf2 Nd4 20. Bxd4 cxd4 21. Qxd4 Nd5 22. e5 Nxc3 23. Qxc3 dxe5 24. fxe5 b5 25. axb5 axb5 26. Qe3 b4 27. Nb1 Rb5 28. c3 Bb3 29. e6 Re5 30. Qd2 Bxd1 31. exf7+ Qxf7 32. Rxd1 Kh7 33. Rf1 Rf5 34. cxb4 Rxf1+ 35. Bxf1 Be5 36. Nc3 Bxg3 37. Bc4 Qf5 38. Kg2 Be1 39. Qd4 Qg5+ 40. Kf1 Bg3 41. Qg1 Qf6+ 0-1

[Event "UZB-ch 1st League"]
[Site "Tashkent"]
[Date "2012.04.18"]
[Round "7"]
[White "Alikulov, Elbek"]
[Black "Galyamov, Vildan"]
[Result "1/2-1/2"]
[WhiteElo "2283"]
[BlackElo "2198"]
[PlyCount "61"]
[EventDate "2012.04.12"]
[EventType "tourn"]
[EventRounds "9"]
[EventCountry "UZB"]
[SourceTitle "EXT 2013"]
[Source "ChessBase"]
[SourceDate "2012.11.22"]
[SourceVersion "1"]
[SourceVersionDate "2012.11.22"]
[SourceQuality "1"]

1. e4 e6 2. d4 d5 3. Nc3 dxe4 4. Nxe4 Nd7 5. Nf3 Ngf6 6. Bd3 Nxe4 7. Bxe4 Nf6 8. Bd3 c5 9. 0-0 cxd4 10. Nxd4 Bc5 11. c3 Bxd4 12. cxd4 Bd7 13. Re1 Bc6 14. Bf1 Qd6 15. Be3 0-0 16. f3 Rfd8 17. Rc1 Rac8 18. Bf2 Qb4 19. Qe2 Bd5 20. a3 Qa4 21. Qe3 Bb3 22. Rc5 Nd5 23. Qc1 Qd7 24. Bb5 Rxc5 25. Qxc5 b6 26. Qc6 Qxc6 27. Bxc6 Rc8 28. Bxd5 Bxd5 29. Be3 Kf8 30. Rc1 Rxc1+ 31. Bxc1 1/2-1/2

[Event "UZB-ch 1st League"]
[Site "Tashkent"]
[Date "2012.04.16"]
[Round "5"]
[White "Sapaev, Maksad"]
[Black "Galyamov, Vildan"]
[Result "1/2-1/2"]
[WhiteElo "2178"]
[BlackElo "2198"]
[PlyCount "99"]
[EventDate "2012.04.12"]
[EventType "tourn"]
[EventRounds "9"]
[EventCountry "UZB"]
[SourceTitle "EXT 2013"]
[Source "ChessBase"]
[SourceDate "2012.11.22"]
[SourceVersion "1"]
[SourceVersionDate "2012.11.22"]
[SourceQuality "1"]

1. e4 e6 2. d4 d5 3. Nc3 dxe4 4. Nxe4 Nd7 5. Nf3 Ngf6 6. Bd3 Nxe4 7. Bxe4 Nf6 8. Bd3 Be7 9. 0-0 0-0 10. Ne5 c5 11. dxc5 Qc7 12. Qe2 Qxc5 13. Bg5 Rd8 14. Rad1 h6 15. Bh4 Qc7 16. Bc4 Bd7 17. Nxd7 Rxd7 18. Rxd7 Qxd7 19. Rd1 Qc7 20. Bg3 Qb6 21. Be5 Rd8 22. Rxd8+ Qxd8 23. h3 Qb6 24. a3 Nd7 25. Bc3 Bf6 26. Bxf6 Nxf6 27. Qe5 Qd8 28. Bd3 b6 29. Kf1 Kf8 30. Ke2 Ke7 31. Qg3 g5 32. h4 Nh5 33. Qf3 Nf4+ 34. Kd2 Qd4 35. hxg5 hxg5 36. c3 Qd7 37. g3 Ng6 38. Qe3 Kf6 39. Ke1 Ne5 40. Be2 Qd5 41. f4 gxf4 42. Qxf4+ Ke7 43. Qb4+ Kd8 44. Qh4+ Ke8 45. Qa4+ Kf8 46. Qxa7 Qh1+ 47. Kd2 Qd5+ 48. Ke1 Qh1+ 49. Kd2 Qd5+ 50. Ke1 1/2-1/2

[Event "UZB-ch 1st League"]
[Site "Tashkent"]
[Date "2012.04.15"]
[Round "4"]
[White "Galyamov, Vildan"]
[Black "Begmuratov, Alisher"]
[Result "1-0"]
[WhiteElo "2198"]
[BlackElo "2199"]
[PlyCount "127"]
[EventDate "2012.04.12"]
[EventType "tourn"]
[EventRounds "9"]
[EventCountry "UZB"]
[SourceTitle "EXT 2013"]
[Source "ChessBase"]
[SourceDate "2012.11.22"]
[SourceVersion "1"]
[SourceVersionDate "2012.11.22"]
[SourceQuality "1"]

1. e4 c5 2. Nf3 Nc6 3. Nc3 g6 4. d4 cxd4 5. Nxd4 Bg7 6. Nde2 d6 7. g3 Bg4 8. Bg2 Bxc3+ 9. bxc3 Nf6 10. Bh6 Qa5 11. f3 Be6 12. 0-0 Rg8 13. Be3 Bc4 14. Re1 d5 15. Nd4 dxe4 16. Nxc6 bxc6 17. Qd4 Be6 18. fxe4 Ng4 19. Bc1 Rd8 20. Qb4 Qe5 21. Ba3 Rd7 22. Rad1 f6 23. Rxd7 Bxd7 24. h3 Nh6 25. Rd1 Nf7 26. Qb7 Nd6 27. Bxd6 exd6 28. Qb8+ Kf7 29. Qxd6 Qxd6 30. Rxd6 Ke7 31. Rd4 c5 32. Rd5 Rc8 33. e5 Be6 34. exf6+ Kxf6 35. Rd6 Ke5 36. Ra6 Rc7 37. Kf2 Bf5 38. Ke3 Bxc2 39. g4 g5 40. c4 Bg6 41. Bd5 Re7 42. Rc6 Be8 43. Rxc5 Kd6+ 44. Kd4 Re2 45. Ra5 Rd2+ 46. Ke3 Rh2 47. Rxa7 Bg6 48. Ra6+ Kc5 49. Rc6+ Kb4 50. Kd4 Rxh3 51. Rb6+ Ka4 52. c5 Ka5 53. Bc4 Be8 54. Ra6+ Kb4 55. Rb6+ Ka5 56. Bd3 Rg3 57. Kc3 Rxd3+ 58. Kxd3 Bd7 59. Rb8 Ka6 60. Rg8 h6 61. Rg6+ Kb5 62. Kd4 Bxg4 63. Rb6+ Ka5 64. Rxh6 1-0

[Event "UZB-ch 1st League"]
[Site "Tashkent"]
[Date "2012.04.14"]
[Round "3"]
[White "Galyamov, Vildan"]
[Black "Aliyev, Kosim"]
[Result "1-0"]
[WhiteElo "2198"]
[BlackElo "2087"]
[PlyCount "141"]
[EventDate "2012.04.12"]
[EventType "tourn"]
[EventRounds "9"]
[EventCountry "UZB"]
[SourceTitle "EXT 2013"]
[Source "ChessBase"]
[SourceDate "2012.11.22"]
[SourceVersion "1"]
[SourceVersionDate "2012.11.22"]
[SourceQuality "1"]

1. e4 c5 2. Nf3 d6 3. d4 cxd4 4. Nxd4 Nf6 5. Nc3 g6 6. g3 Bg7 7. Bg2 0-0 8. 0-0 Nc6 9. Nde2 Bd7 10. h3 Rc8 11. Be3 b6 12. a4 Nb4 13. Qd2 Be6 14. Nd4 Qd7 15. Ncb5 Na6 16. Nxe6 Qxe6 17. Nxa7 Ra8 18. Bxb6 d5 19. a5 Qd7 20. e5 Ne8 21. Qd4 Nec7 22. Rad1 e6 23. c4 Rfb8 24. cxd5 exd5 25. Bxd5 Rxa7 26. Bxa7 Nb5 27. Qc4 Qxa7 28. Bc6 Qc5 29. Qxc5 Nxc5 30. Rd5 Bf8 31. b4 Na7 32. b5 Rc8 33. Rb1 Nxc6 34. bxc6 Rxc6 35. Rd8 Kg7 36. Rbb8 Ne6 37. Rdc8 Ra6 38. Ra8 Rxa8 39. Rxa8 Bc5 40. Re8 Bd4 41. a6 g5 42. Rb8 Nc7 43. a7 Bxa7 44. Rb7 Bd4 45. Rxc7 Bxe5 46. Rc6 f6 47. Kg2 Kg6 48. Kf3 Kf5 49. Ra6 h5 50. Ke3 Bc7 51. Rc6 Bb8 52. Rc5+ Kg6 53. Ke4 Ba7 54. Rc2 f5+ 55. Ke5 Bb8+ 56. Ke6 g4 57. h4 Ba7 58. Kd5 f4 59. Ke4 fxg3 60. fxg3 Bb8 61. Rc3 Kf6 62. Rc6+ Ke7 63. Rh6 Bxg3 64. Rxh5 Bf2 65. Rh6 Kf7 66. h5 Kg7 67. Rg6+ Kh7 68. Rxg4 Kh6 69. Rf4 Bg3 70. Rf5 Bh4 71. Kf4 1-0

[Event "UZB-ch 1st League"]
[Site "Tashkent"]
[Date "2011.04.21"]
[Round "10"]
[White "Galyamov, Vildan"]
[Black "Alikulov, Elbek"]
[Result "1/2-1/2"]
[WhiteElo "2165"]
[BlackElo "2180"]
[PlyCount "94"]
[EventDate "2011.04.12"]
[EventType "tourn"]
[EventRounds "11"]
[EventCountry "UZB"]
[SourceTitle "CBM 142 Extra"]
[Source "ChessBase"]
[SourceDate "2011.06.27"]
[SourceVersion "1"]
[SourceVersionDate "2011.06.27"]
[SourceQuality "1"]

1. Nf3 Nf6 2. g3 g6 3. Bg2 Bg7 4. 0-0 0-0 5. d4 d6 6. c4 Nbd7 7. Nc3 e5 8. dxe5 dxe5 9. Qc2 c6 10. b3 Re8 11. e4 Bf8 12. Bb2 Qc7 13. Rad1 a5 14. Na4 Nc5 15. Nxc5 Bxc5 16. h3 Nd7 17. a3 Bf8 18. Qc3 f6 19. Ne1 Nc5 20. Nd3 Qb6 21. Nxc5 Bxc5 22. Qf3 Kg7 23. g4 h6 24. Bc1 Qc7 25. Be3 Bxa3 26. c5 Be6 27. Rd6 Rad8 28. Rfd1 Rxd6 29. Rxd6 b6 30. Bf1 bxc5 31. Rxe6 Rxe6 32. Bc4 Rd6 33. h4 g5 34. Kg2 Qd7 35. h5 Bb4 36. Kh3 Rd1 37. Be6 Qd3 38. Bc4 Qb1 39. Kh2 Re1 40. Bxg5 Rh1+ 41. Qxh1 Qxh1+ 42. Kxh1 fxg5 43. Kg2 Kf6 44. Kf1 Ke7 45. Ke2 Kd7 46. Kd3 Be1 47. f3 Ke7 1/2-1/2

[Event "UZB-ch 1st League"]
[Site "Tashkent"]
[Date "2011.04.12"]
[Round "1"]
[White "Galyamov, Vildan"]
[Black "Artemenko, Oleg"]
[Result "0-1"]
[WhiteElo "2165"]
[BlackElo "2204"]
[PlyCount "48"]
[EventDate "2011.04.12"]
[EventType "tourn"]
[EventRounds "11"]
[EventCountry "UZB"]
[SourceTitle "CBM 142 Extra"]
[Source "ChessBase"]
[SourceDate "2011.06.27"]
[SourceVersion "1"]
[SourceVersionDate "2011.06.27"]
[SourceQuality "1"]

1. d4 d5 2. Nf3 Nf6 3. c4 e6 4. e3 c5 5. dxc5 Bxc5 6. Nc3 Nc6 7. Be2 0-0 8. cxd5 exd5 9. 0-0 a6 10. a3 Bg4 11. b4 Ba7 12. Bb2 Qd6 13. Qd2 Rad8 14. Rfd1 Bb8 15. g3 Rfe8 16. Rac1 Qe6 17. b5 axb5 18. Nxb5 Ne4 19. Qe1 Qh6 20. Nbd4 Rd6 21. Nxc6 bxc6 22. Nd2 Bf5 23. Nxe4 Bxe4 24. Bd4 Qxh2+ 0-1

[Event "Agzamov Memorial 04th"]
[Site "Tashkent"]
[Date "2010.03.23"]
[Round "1"]
[White "Zhigalko, Sergei"]
[Black "Galyamov, Vildan"]
[Result "1-0"]
[WhiteElo "2648"]
[BlackElo "2183"]
[PlyCount "67"]
[EventDate "2010.03.23"]
[EventType "swiss"]
[EventRounds "9"]
[EventCountry "UZB"]
[SourceTitle "CBM 135 Extra"]
[Source "ChessBase"]
[SourceDate "2010.05.04"]
[SourceVersion "1"]
[SourceVersionDate "2010.05.04"]
[SourceQuality "1"]

1. e4 c5 2. Nf3 Nc6 3. Bb5 a6 4. Bxc6 dxc6 5. d3 Bg4 6. h3 Bxf3 7. Qxf3 e5 8. Qg3 f6 9. a4 a5 10. Na3 Ne7 11. Nc4 b5 12. Na3 Qd7 13. Qg4 Qxg4 14. hxg4 Rb8 15. Bd2 b4 16. Nc4 Ra8 17. g5 Ng6 18. gxf6 gxf6 19. Rh5 Be7 20. Ke2 0-0 21. Rah1 Rf7 22. g3 Nf8 23. f4 exf4 24. gxf4 Ne6 25. Be3 Rg7 26. Kf3 Kh8 27. R1h3 Kg8 28. Nd2 Bd6 29. Nb3 c4 30. dxc4 Bc7 31. Rh6 Rf7 32. Rg3+ Ng5+ 33. Kg2 Rg7 34. Rxf6 1-0

[Event "UZB-ch 1st League"]
[Site "Tashkent"]
[Date "2009.04.19"]
[Round "9"]
[White "Galyamov, Vildan"]
[Black "Mustafaev, Jamshid"]
[Result "1/2-1/2"]
[WhiteElo "2274"]
[BlackElo "2367"]
[PlyCount "100"]
[EventDate "2009.04.11"]
[EventType "tourn"]
[EventRounds "13"]
[EventCountry "UZB"]
[SourceTitle "CBM 130 Extra"]
[Source "ChessBase"]
[SourceDate "2009.07.02"]
[SourceVersion "2"]
[SourceVersionDate "2009.07.15"]
[SourceQuality "1"]

1. e4 c5 2. Nf3 e6 3. d4 cxd4 4. Nxd4 Nf6 5. Nc3 d6 6. Bd3 Nc6 7. Be3 Be7 8. 0-0 e5 9. Nxc6 bxc6 10. h3 0-0 11. Kh1 d5 12. exd5 cxd5 13. f4 exf4 14. Bxf4 Be6 15. Qf3 d4 16. Ne4 Bd5 17. Be5 Ne8 18. Qf2 f5 19. Nd2 g6 20. Qxd4 Bf6 21. Bc4 Bxc4 22. Qxd8 Rxd8 23. Nxc4 Rc8 24. Bxf6 Rxc4 25. Bc3 Nd6 26. Rfd1 Ne4 27. Rd7 Nxc3 28. bxc3 Rf7 29. Rad1 Rc7 30. Rd8+ Kg7 31. R1d3 Rfe7 32. Kh2 Kf6 33. R8d4 Kg5 34. Rg3+ Kf6 35. Rgd3 Re4 36. Rd7 Rec4 37. Rxc7 Rxc7 38. Kg3 h5 39. Kf3 Rc4 40. Ke3 Ke5 41. Kd2 Ra4 42. Rd7 Rxa2 43. c4 Ra6 44. Kc3 Ke6 45. Rg7 Ra3+ 46. Kd4 Kf6 47. Rg8 Ra2 48. Kc3 Ra5 49. Kb4 Ra2 50. Kb3 Ra5 1/2-1/2

[Event "UZB-ch 1st League"]
[Site "Tashkent"]
[Date "2009.04.15"]
[Round "5"]
[White "Galyamov, Vildan"]
[Black "Vakhidov, Jahongir"]
[Result "0-1"]
[WhiteElo "2274"]
[BlackElo "2207"]
[PlyCount "60"]
[EventDate "2009.04.11"]
[EventType "tourn"]
[EventRounds "13"]
[EventCountry "UZB"]
[SourceTitle "CBM 130 Extra"]
[Source "ChessBase"]
[SourceDate "2009.07.02"]
[SourceVersion "2"]
[SourceVersionDate "2009.07.15"]
[SourceQuality "1"]

1. e4 c5 2. Nf3 d6 3. d4 cxd4 4. Nxd4 Nf6 5. Nc3 g6 6. g3 Nc6 7. Bg2 Bd7 8. 0-0 Bg7 9. Nde2 0-0 10. h3 Rc8 11. Be3 b6 12. Qd2 Ne5 13. b3 Bxh3 14. f3 Bd7 15. a4 Nc6 16. Nd5 Nxd5 17. exd5 Na5 18. Rab1 Qc7 19. Rfc1 a6 20. Nd4 Qc3 21. Qf2 b5 22. b4 Nc4 23. Rb3 Qxe3 24. Rxe3 Bxd4 25. Rce1 Nxe3 26. Rxe3 bxa4 27. Qd2 Bxe3+ 28. Qxe3 Rxc2 29. Bf1 Bb5 30. Bd3 Rc3 0-1

[Event "UZB-ch 1st League"]
[Site "Bukhara"]
[Date "2008.04.13"]
[Round "8"]
[White "Kayumov, Sergey"]
[Black "Galyamov, Vildan"]
[Result "1-0"]
[WhiteElo "2479"]
[BlackElo "2293"]
[PlyCount "103"]
[EventDate "2008.04.06"]
[EventType "tourn"]
[EventRounds "11"]
[EventCountry "UZB"]
[EventCategory "1"]
[SourceTitle "EXT 2015"]
[Source "ChessBase"]
[SourceDate "2014.11.20"]
[SourceVersion "1"]
[SourceVersionDate "2014.11.20"]
[SourceQuality "1"]

1. e4 c5 2. Nf3 Nc6 3. Bb5 e6 4. Bxc6 bxc6 5. d3 Qc7 6. 0-0 Be7 7. Re1 e5 8. c3 Nf6 9. d4 cxd4 10. cxd4 d6 11. b3 0-0 12. Nbd2 exd4 13. Nxd4 d5 14. exd5 cxd5 15. Nb5 Qd7 16. Rxe7 Qxe7 17. Ba3 Qd7 18. Bxf8 Qxb5 19. Be7 Bg4 20. f3 Bf5 21. Qf1 Qxf1+ 22. Nxf1 Nd7 23. Ne3 Be6 24. Rd1 Nb6 25. Bc5 f6 26. Bd4 Kf7 27. Rc1 Rc8 28. Rxc8 Nxc8 29. Kf2 a6 30. Bc5 Ne7 31. Bxe7 Kxe7 32. Nc2 Kd6 33. Nd4 Bd7 34. b4 g6 35. Ke3 Bb5 36. f4 g5 37. g3 Ba4 38. Ne2 gxf4+ 39. Nxf4 Ke5 40. Nd3+ Kf5 41. Kd4 Bc6 42. Nc5 Bb5 43. a4 Bc4 44. Nxa6 Bxa6 45. Kxd5 Bb7+ 46. Kd6 Ke4 47. b5 h5 48. a5 h4 49. a6 hxg3 50. hxg3 Bc8 51. Kc7 Be6 52. b6 1-0